=LDR 00000nam 2200000 4500 =001 INLIS000000000035222 =005 20130612141109 =008 ***********************************Ind** =035 ##$$0010-061300000035222 =041 ##$$a Ind =082 ##$$a 639.3 =090 ##$$a 5639.3; Fui,f =100 ##$$a Fujaya, Yushinta =245 ##$$a Fisiologi Ikan, Dasar Pengembangan Teknik Perikanan, Yushinta Fujaya =260 ##$$a 2008 $b Jakarta =300 ##$$a xi,179 hlm., Illus, 21 cm =650 ##$$a Fisiologi Binatang =850 ##$$a NBPNMAT